000 02143cab a2200265 ab4500
005 20250609102531.0
008 991125c2018 ag ar p o 000 0 spa d
035 _aUPN01000233965
040 _aMX-MxUPN
_bspa
_cMX-MxUPN
_eaacr2
049 _aART-E
100 1 _aAcosta Silva, Adrián
_6- aacosta@cucea.udg.mx
245 1 0 _a100 años después :
_bautonomía y poder universitario en América Latina
_h[recurso electrónico en línea]
506 0 _aAcceso abierto
520 3 _a¿Qué significa hoy la autonomía universitaria? ¿Qué efectos tuvo el movimiento reformador de Córdoba ocurrido hace un siglo en los distintos contextos institucionales y nacionales universitarios latinoamericanos? El argumento general que se discute es que ese movimiento, en su hechura institucional y representaciones sociales, configuró el entramado básico de las relaciones entre la autonomía institucional y el poder político universitario en las sociedades nacionales de la región. Sin embargo, los antecedentes del movimiento, así como sus efectos a lo largo del siglo XX y comienzos del XXI permiten identificar al Manifiesto Liminar como un momento de ruptura y continuidad en la historia de las universidades latinoamericanas. Desde una perspectiva de sociología histórica comparada, se explora la idea que el “poder autónomo” de la universidad que emerge con el movimiento de Córdoba se extenderá y combinará con las fuerzas intelectuales y políticas de otras universidades públicas latinoamericanas, que construirán formas peculiares de poder universitario en torno a diversas combinaciones de modelos de legitimidad política y representación social. RELEC
650 2 _aAutonomía universitaria
_93802
650 2 _aReforma universitaria
_919891
653 0 _aLegitimidad
653 0 _aAmérica latina
653 0 _aEducación superior comparada
773 _gVol. 9, no. 13, (2018), p. 77-92
_tRELEC : revista latinoamericana de educación comparada
_x1853-3744
856 4 _uhttps://dialnet.unirioja.es/servlet/articulo?codigo=6572532
902 _aLeonor Sotres/090625
905 _aArticulo
942 _cART-E
999 _c206060
_d206060